LEADER 01291nam a2200301 u 4500 001 000000039865 003 CaOOAMICUS 005 20070226114034.0 008 980520s1991 fr u000 u fre u 020 $a2233002210 035 $a10795414 040 $aPUL(R)$bita 245 00$aDroit international :$bbilan et perspectives /$cMohammed Bedjaoui rédacteur général. 260 $aParis :$bA. Pedone,$cc1991. 300 $a2 v. ;$c24 cm 500 $aContiene indici. 504 $aBibliografia in nota. 650 4$aDiritto internazionale.$0(OLS)http://pul/subject/2505 700 1 $aBedjaoui, Mohammed.$0(OLS)http://pul/name/29566 850 $aPUL 852 $aPUL$W1$xSL Diritto e Scienze Sociali 1$y4$m179 C 90-91$j54261$nBK-PRI$b $qStampati$B54261$CPULBib$Z2$F54261 $H $81 852 $aPUL$W1$xSL Diritto e Scienze Sociali 1$y4$m179 C 90-91$j54261$nBK-PRI$b $qStampati$B54262$CPULBib$Z2$F54262 $H $81 941 1 $a8 961 $aINV: 72065-72066. 961 $aINV: 72065-72066. 996 $6020$a2233002210$9(OLS)http://pul/number/49569 996 $6245$aDroit international :$bbilan et perspectives$9(OLS)http://pul/title/53923 996 $6260$aParis :$bA. Pedone$9(OLS)http://pul/publisher/50402 LEADER 01575nam a2200277 u 4500 001 000000089987 003 CaOOAMICUS 005 20070226124657.0 008 051205s1978 ve u000 u spa u 035 $a11071290 040 $aPUL(R)$bita 100 1 $aPorras Cardozo, Baltazar,$ccardinale,$d1944-$0(OLS)http://pul/name/58178 245 13$aEl Episcopado y los problemas de Venezuela :$b(diagnóstico teológico-pastoral de la Venezuela contemporánea desde la documentación episcopal venezolana y desde la teología latinoamericana) /$cpor Baltazar Enrique Porras Cardozo ; escrita bajo la dirección de Casiano Floristan Samanes. 260 $aCaracas :$bTripode,$c1978. 300 $a367 p. :$bill. ;$c22 cm 490 1 $aIglesia y sociedad ;$v2 504 $aContiene riferimenti bibliografici. 650 4$aChiesa cattolica$zVenezuela.$0(OLS)http://pul/subject/26113 700 1 $aFloristan, Casiano,$d1926-2006.$0(OLS)http://pul/name/34618 830 0$aIglesia y sociedad ;$v2.$0(OLS)http://pul/title/116230 850 $aPUL 852 $aPUL$W1$xDP1 Fondo Pastorale$y55$mP14 G 18$j113658$nBK-PRI$b $qFondi$B113658$CPULBib$Z2$F113658 $HPUL59056 $81 900 $aFloristan Samanes, Casiano$d1926-2006$934618 941 1 $a1 996 $6245$aEl Episcopado y los problemas de Venezuela :$b(diagnóstico teológico-pastoral de la Venezuela contemporánea desde la documentación episcopal venezolana y desde la teología latinoamericana)$9(OLS)http://pul/title/116229 996 $6260$aCaracas :$bTripode$9(OLS)http://pul/publisher/71476